Keynes, the Keynesians and monetarism
Gespeichert in:
| 1. Verfasser: | |
|---|---|
| Format: | Buch |
| Sprache: | Englisch |
| Veröffentlicht: |
Cheltenham
Edward Elgar
2007
|
| Schlagworte: | |
| Tags: |
Keine Tags, Fügen Sie das erste Tag hinzu!
|
MARC
| LEADER | 00000nam$a2200000$$$4500 | ||
|---|---|---|---|
| 001 | 0066332 | ||
| 005 | 20240312115805.0 | ||
| 020 | |a 978-1-84720-139-3 | ||
| 041 | 0 | |a eng | |
| 044 | |a GB | ||
| 245 | 1 | 0 | |a Keynes, the Keynesians and monetarism |c Tim Congdon |
| 264 | 1 | |a Cheltenham |b Edward Elgar |c 2007 | |
| 300 | |a 339 s. | ||
| 610 | 2 | 0 | |a keynesizmus |
| 610 | 2 | 0 | |a monetarizmus |
| 610 | 2 | 0 | |a politika peňažná |
| 610 | 2 | 0 | |a teórie ekonomické |
| 610 | 2 | 0 | |a rozpočty |
| 610 | 2 | 0 | |a makroekonomika |
| 610 | 2 | 0 | |a peniaze |
| 610 | 2 | 0 | |a Veľká Británia |
| 100 | 1 | |a Congdon, Tim | |